000 00446cam a2200145 4500500
005 20251012010917.0
041 _afre
042 _adc
100 1 0 _aMichaud, Yves
_eauthor
245 0 0 _aLa semaine du respect
260 _c2011.
500 _a20
786 0 _nPhilosophie magazine | 55 | 12 | 2011-12-01 | p. 8-8 | 1951-1787
856 4 1 _uhttps://shs.cairn.info/magazine-philosophie-magazine-2011-12-page-8?lang=fr&redirect-ssocas=7080
999 _c1521101
_d1521101